[Event "Cheliabinsk Panchenko Memorial op"]
[Site "Cheliabinsk"]
[Date "2019.09.15"]
[Round "7"]
[White "Menshikov, Ivan"]
[Black "Khannanova, Sofiya"]
[Result "1/2-1/2"]
[WhiteElo "1563"]
[BlackElo "1424"]
[PlyCount "81"]
[EventDate "2019.09.09"]
[EventType "swiss"]
[EventRounds "9"]
[EventCountry "RUS"]
[SourceTitle "EXT 2020"]
[Source "ChessBase"]
[SourceDate "2019.10.17"]
[SourceVersion "1"]
[SourceVersionDate "2019.10.17"]
[SourceQuality "1"]

1. d4 d5 2. c4 e6 3. Nf3 Nf6 4. g3 Be7 5. Qc2 c6 6. Bg2 0-0 7. 0-0 Nbd7 8. b3 b6 9. Nbd2 Bb7 10. Bb2 c5 11. Rfd1 Rc8 12. Rac1 dxc4 13. bxc4 cxd4 14. Nxd4 Bxg2 15. Kxg2 a6 16. a4 Qc7 17. e4 Rfd8 18. N4b3 h5 19. Qb1 h4 20. Bc3 Ne5 21. Bxe5 Qxe5 22. f4 Qh5 23. Re1 Ng4 24. Nf3 g5 25. h3 Nh6 26. g4 Nxg4 27. hxg4 Qxg4+ 28. Kf2 Qxf4 29. Re3 g4 30. Rg1 Kf8 31. Qa1 f6 32. Nbd4 Rxd4 33. Qxd4 Bc5 34. Rxg4 Qxg4 35. Qxf6+ Kg8 36. Ng5 Bxe3+ 37. Kxe3 Qg3+ 38. Ke2 Qg2+ 39. Ke3 Qg3+ 40. Ke2 Qg4+ 41. Ke3 1/2-1/2

[Event "Cheliabinsk Panchenko Memorial op"]
[Site "Cheliabinsk"]
[Date "2019.09.10"]
[Round "2"]
[White "Kozlov, Denis1111"]
[Black "Menshikov, Ivan"]
[Result "1-0"]
[WhiteElo "2122"]
[BlackElo "1563"]
[PlyCount "49"]
[EventDate "2019.09.09"]
[EventType "swiss"]
[EventRounds "9"]
[EventCountry "RUS"]
[SourceTitle "EXT 2020"]
[Source "ChessBase"]
[SourceDate "2019.10.17"]
[SourceVersion "1"]
[SourceVersionDate "2019.10.17"]
[SourceQuality "1"]

1. d4 d5 2. c4 c6 3. Nf3 Nf6 4. e3 a6 5. Qb3 e6 6. a4 Bd6 7. Nc3 Nbd7 8. Be2 0-0 9. 0-0 Qe7 10. a5 dxc4 11. Bxc4 e5 12. h3 h6 13. Nh4 Bc7 14. Ng6 Qd6 15. Nxf8 exd4 16. g3 Nxf8 17. Bxf7+ Kh8 18. exd4 Bxh3 19. Re1 Qd7 20. Ne4 Qxd4 21. Ra4 Qd8 22. Nxf6 Qxf6 23. Bf4 Bxf4 24. Rxf4 Qd6 25. Qb4 1-0

[Event "Marianske Lazne op 18th"]
[Site "Marianske Lazne"]
[Date "2019.01.19"]
[Round "1"]
[White "Menshikov, Ivan"]
[Black "Jiruse, Josef"]
[Result "1-0"]
[WhiteElo "1462"]
[BlackElo "2023"]
[PlyCount "41"]
[EventDate "2019.01.19"]
[EventType "swiss"]
[EventRounds "9"]
[EventCountry "CZE"]
[SourceTitle "CBM 188 Extra"]
[Source "ChessBase"]
[SourceDate "2019.02.26"]
[SourceVersion "1"]
[SourceVersionDate "2019.02.26"]
[SourceQuality "1"]

1. e4 c6 2. d4 g6 3. Nc3 d5 4. Nf3 Bg4 5. e5 e6 6. Be3 h5 7. h3 Bxf3 8. Qxf3 Nh6 9. 0-0-0 Nf5 10. Bd3 Nd7 11. g4 Ne7 12. Bg5 Qa5 13. Kb1 c5 14. dxc5 Nxe5 15. Qf6 Nxd3 16. Qxh8 Nxf2 17. Bxe7 Kxe7 18. Nxd5+ Kd7 19. Nb6+ Kc6 20. Nxa8 Qxc5 21. Rd8 1-0